000 00630cam a2200229 4500500
005 20260222000717.0
041 _afre
042 _adc
100 1 0 _aTrécourt, Fabien
_eauthor
245 0 0 _aDevenir végane
260 _c2017.
500 _a49
690 _aalimentation
690 _aanimal
690 _aenvironnement
690 _amorale
690 _aphilosophie
690 _avéganisme
690 _avégétalisme
786 0 _nSciences Humaines | 288 | 1 | 2017-01-01 | p. 35-35 | 0996-6994
856 4 1 _uhttps://shs.cairn.info/magazine-sciences-humaines-2017-1-page-35?lang=fr&redirect-ssocas=7080
999 _c1663155
_d1663155